| 000 | 00474nam a22001577a 4500 | ||
|---|---|---|---|
| 003 | SGT | ||
| 020 | _a9788178556680 | ||
| 082 | _a657.95.GOE | ||
| 100 | _aGOEL,D K | ||
| 245 | _aCORPORATE ACCOUNTING | ||
| 260 |
_aNEW DELHI _bARYA PUBLICCATIONS _c2014 |
||
| 300 | _aV.P | ||
| 650 | _aACCOUNT | ||
| 653 | _aISSUE OF SHARES,REDEMPTION OF PREFERENCE SHARES,ISSUE OF DEBENTURES VALUATION OF COMPANIES,INTERNAL RECONSTRUCTION,ACCOUNTS OF HOLDING COMPANIES | ||
| 942 |
_2ddc _cFCM _09 |
||
| 999 |
_c9063 _d9063 |
||